| 000 | 00647nam a2200193 a 4500 | ||
|---|---|---|---|
| 001 | 2677 | ||
| 003 | CDMR | ||
| 005 | 20131114115336.0 | ||
| 008 | 130130s1999||||||||||||||||||||||||||||d | ||
| 040 |
_aCDMR _bcat _cCDMR |
||
| 110 | 2 |
_aCentro de Investigaciones Sociológicas _92009 |
|
| 245 | 1 | 4 |
_aLos profesionales de los medios de comunicación _b: estudio nº 2.306 : diciembre 1998 - febrero 1999 |
| 260 |
_aMadrid _c1999 _bCentro de Investigaciones Sociológicas |
||
| 300 |
_a32 p. _c30 cm |
||
| 650 | 0 | 4 |
_93726 _aPeriodistes _zEspanya |
| 650 | 0 | 4 |
_93083 _aCompetències professionals |
| 650 | 0 | 4 |
_94341 _aMercat de treball _zEspanya |
| 942 |
_cMON _2udc |
||
| 999 |
_c2677 _d2677 |
||